L'uomo e le scienze morali. (Record no. 37487)
[ view plain ]
| 000 -LEADER | |
|---|---|
| fixed length control field | 00473cam a22001817 4500 |
| 001 - CONTROL NUMBER | |
| control field | ltf91021550 |
| 003 - CONTROL NUMBER IDENTIFIER | |
| control field | DLC |
| 005 - DATE AND TIME OF LATEST TRANSACTION | |
| control field | 20260227111552.0 |
| 008 - FIXED-LENGTH DATA ELEMENTS--GENERAL INFORMATION | |
| fixed length control field | 910215s1871 it 000 0 ita |
| 010 ## - LIBRARY OF CONGRESS CONTROL NUMBER | |
| LC control number | ltf91021550 |
| 040 ## - CATALOGING SOURCE | |
| Original cataloging agency | DLC |
| Transcribing agency | DLC |
| Modifying agency | DLC |
| 050 00 - LIBRARY OF CONGRESS CALL NUMBER | |
| Classification number | BJ1132 |
| Item number | G33 1871 |
| 100 1# - MAIN ENTRY--PERSONAL NAME | |
| Personal name | Gabelli, Aristide, |
| Dates associated with a name | 1830-1891. |
| 245 02 - TITLE STATEMENT | |
| Title | L'uomo e le scienze morali. |
| 250 ## - EDITION STATEMENT | |
| Edition statement | 2. ed. |
| 260 ## - PUBLICATION, DISTRIBUTION, ETC. | |
| Place of publication, distribution, etc. | Firenze, |
| Name of publisher, distributor, etc. | Successori Le Monnier, |
| Date of publication, distribution, etc. | 1871. |
| 300 ## - PHYSICAL DESCRIPTION | |
| Extent | 308 p. ; |
| Dimensions | 19 cm. |
No items available.